000 00690nam a2200265Ia 4500
003 OSt
005 20221007104746.0
006 a|||||r|||| 00| 0
007 ta
008 221006b |||||||| |||| 00| 0 eng d
024 _a16,710
037 _cTextual
040 _aLCO
_cLCO
_beng
041 _2eng
_aeng
082 _aZ2,5y7, K7
100 _aCross Rupert
_9688383
245 0 _aCases and Statutes on Criminal Law
250 _a6th
260 _aLondon
_bButterworths UK
_c1977
300 _a459
650 _aCRIMINAL LAW
_9601958
700 _a Jones P.A
_9280625
942 _hZ2,5y7, K7
_cTEXL
999 _c1186273
_d1186273